Logo BPK

Bibliografia Prac Pracowników

Politechniki Koszalińskiej

Komputerowe wspomaganie projektowania elektrycznego układu sterującego pneumatycznymi układami napędowymi / (Rekord nr 10535)

Szczegóły MARC
000 -ETYKIETA REKORDU
podpole kontrolne o stałej długości 00970naa a22001577i 4500
001 - NUMER KONTROLNY REKORDU
podpole kontrolne 10535
003 - IDENTYFIKATOR NUMERU KONTROLNEGO REKORDU
podpole kontrolne KOSZ 005
005 - DATA OSTATNIEJ MODYFIKACJI REKORDU
podpole kontrolne 20180427100517.0
008 - POLE O STAŁEJ DŁUGOŚCI - DANE KONTROLNE
podpole kontrolne o stałej długości 180427s1993 pl ||||f |||| 10| 0 pol d
040 ## - ŹRÓDŁO KATALOGOWANIA
Instytucja, która sporządziła opis KOSZ 005/AR
Instytucja, która utworzyła rekord KOSZ 005/AR
100 1# - NAZWA OSOBOWA
Nazwa osobowa OCIEPA, Zenon.
Instytucja Wyższa Szkoła Inżynierska w Koszalinie - Wydział Mechaniczny,
Lata pracy 1990 - 1996.
Wydział Katedra Projetowania Systemów Technicznych
245 10 - TYTUŁ/ODPOWIEDZIALNOŚĆ
Tytuł Komputerowe wspomaganie projektowania elektrycznego układu sterującego pneumatycznymi układami napędowymi /
Pozostałe elementy strefy tytułu i oznaczenia odpowiedzialności Zenon Ociepa, Tomasz Kiczkowiak.
773 0# - TYTUŁ DOKUMENTU MACIERZYSTEGO
Wyrażenie wprowadzające W :
Tytuł "Pneumatyczne układy napędowe i sterujące" PNEUMA 93 : VII Ogólnopolska Konferencja, Mielno [03-06.06.1993] / PNEUMA 93 red. Wojciech Tarnowski, Tomasz Kiczkowiak. -
Adres wydawniczy Koszalin : Wydaw. WSI, 1994.
Informacje dotyczące relacji s. 74-85
700 ## - HASŁO DODATKOWE - NAZWA OSOBOWA
Nazwa osobowa KICZKOWIAK, Tomasz.
Instytucja Wyższa Szkoła Inżynierska w Koszalinie - Wydział Mechaniczny, Katedra Projektowania Systemów Technicznych,
Lata pracy 1978 - 1996.
942 ## - HASŁO DODATKOWE - ELEMENTY(KOHA)
Schemat klasyfikacji Uniwersalna klasyfikacja dziesiętna
Typ dokumentu Rozdział

Brak dostępnych egzemplarzy.

© 2014 Biblioteka Politechniki Koszalińskiej :: BIBLIOGRAFIA PRAC PRACOWNIKÓW